Drapeaux de pays avec avec 3 bandes verticales - Statistiques

Statistiques générales
  • Ce quiz a été pris 1 277 fois
  • Le résultat moyen est 9 sur 11
Statistiques - réponses
Par images Réponse % Correct
Belgique
99%
France
99%
Italie
97%
Irlande
95%
Côte d'Ivoire
92%
Roumanie
92%
Nigeria
87%
Perou
81%
Mali
73%
Tchad
71%
Guinée
61%
Aucun quiz correspondant
Distribution des résultats
% des personnes avec chaque résultat
Percentile par nombre de réponses
Votre historique - résultats
Vous n’avez pas pris ce quiz